Statistiques concernant Mois de l'année en 18 secondes

Cliquez ici pour prendre le quiz!

Statistiques générales

  • Ce quiz a été pris 529 fois
  • Le résultat moyen est 10 sur 12

Statistiques - réponses

NuméroRéponse% Correct
1janvier
97%
2fevrier
92%
3mars
91%
6juin
90%
4avril
89%
5mai
88%
8aout
85%
7juillet
85%
9septembre
73%
10octobre
66%
11novembre
53%
12decembre
41%

Distribution des résultats

Percentile par nombre de réponses

% des personnes avec chaque résultat

Votre développement - résultats

Vous n’avez pas pris ce quiz